000 00576nam a22001817a 4500
005 20251028155121.0
008 251028b |||||||| |||| 00| 0 eng d
020 _a9780766807150
050 _aRT51
_b.A628
100 _aAltman, Gaylene Bouska
245 _aDelmar's Fundamental & Advanced Nursing Skills
_cGaylene Bouska Altman, Patricia Buchsel & Valerie Coxon
260 _aNew York
_bDelmar Thomson Learning
_c2000
300 _axix.1416p.
_bill. color
_c27cm
500 _aincludes index
700 _aBuchsel, Patricia
700 _aCoxon, Valerie
942 _2lcc
_cBK
_n0
999 _c7861
_d7861